Elektronické bankovnictví na Internetu
Rozvoj bankovníctva prináša aj nárast popularity platobných kariet. Vydávanie kariet a postup transakcie platobnou kartou. Počítačové a telekomunikačné prepojenie. Využitie Internetu pre finančné služby - elektronické obchodovanie. Požiadavky na bezpečné obchodovanie - protokol SET. Kódovanie správ....
Salvato in:
| Autore principale: | |
|---|---|
| Natura: | Capitolo di libro |
| Lingua: | ceco |
| Soggetti: | |
| Tags: |
Nessun Tag, puoi essere il primo ad aggiungerne!!
|
MARC
| LEADER | 00000naa a2200000 4500 | ||
|---|---|---|---|
| 001 | r033236 | ||
| 005 | 20230908085405.0 | ||
| 041 | 0 | |a cze | |
| 044 | |a CZ | ||
| 245 | 1 | 0 | |a Elektronické bankovnictví na Internetu |c František Tomášek |
| 520 | |a Rozvoj bankovníctva prináša aj nárast popularity platobných kariet. Vydávanie kariet a postup transakcie platobnou kartou. Počítačové a telekomunikačné prepojenie. Využitie Internetu pre finančné služby - elektronické obchodovanie. Požiadavky na bezpečné obchodovanie - protokol SET. Kódovanie správ. Digitálny podpis. Problémové oblasti elektronického obchodovania. Pilotné projekty. | ||
| 610 | 2 | 0 | |a bankovníctvo elektronické |
| 610 | 2 | 0 | |a internet |
| 610 | 2 | 0 | |a karty platobné |
| 610 | 2 | 0 | |a styk platobný bezhotovostný |
| 610 | 2 | 0 | |a siete počítačové |
| 610 | 2 | 0 | |a obchod elektronický |
| 610 | 2 | 0 | |a bezpečnosť |
| 610 | 2 | 0 | |a kódovanie |
| 610 | 2 | 0 | |a projekty |
| 610 | 2 | 0 | |a podpis elektronický |
| 100 | 1 | |a Tomášek, František | |